000 01059nam0a22002531 4500
001 rc\447083
005 20260407092054.0
035 _a(NLR Aleph) 005692454
090 _a7190533
_c7190533
100 _a20030616d1987 |||y0rusy50 ca
101 0 _arus
102 _aRU
105 _aa |||||||||
200 1 _aСовершенствование методов планирования использования машинно-тракторного парка
_eСб. науч. тр.
_fГорьков. с.-х. ин-т
_g[Редкол.: В.Е. Береснев (отв. ред.) и др.]
210 _aГорький
_cГорьков. СХИ
_d1987
215 _a62, [1] с.
_cил.
_d22
320 _aБиблиогр. в конце ст.
702 1 _aБереснев
_bВ.Е.
_gВиталий Ефимович
_4340
712 0 2 _aГорьковский сельскохозяйственный институт
_3RU\NLR\AUTH\8818109
_9309414
801 0 _aRU
_bNLR
_gpsbo
801 1 _aRU
_bELAR
_2rusmarc
852 _aNLR
_j88-6/3000
942 _cBOOK
980 _aNB